| 000 | 00697nam a22002057a 4500 | ||
|---|---|---|---|
| 999 |
_c3013 _d3013 |
||
| 003 | AR-CdUCM | ||
| 008 | 190305b ||||| |||| 00| 0 spa d | ||
| 040 |
_aMUNICIPALIDAD PROVINCIAL DEL CUSCO _cBIBLIOTECA MUNICIPAL DEL CUSCO |
||
| 082 |
_a335.4 / _bL45 |
||
| 100 |
_aLenin, V. I. _94963 |
||
| 245 | _aLas tesis de abril / | ||
| 260 |
_aMoscu : _bEditorial Progreso, _c1917. |
||
| 300 |
_a67 páginas ; _c20 cm. |
||
| 505 | _aTareas del proletariado en nuestra revolución -- Carácter de clase de la revolución -- El defensivo revolucionario... | ||
| 650 |
_aLenin. _92073 |
||
| 650 |
_aRevolución. _9844 |
||
| 650 |
_aProletariado. _94333 |
||
| 942 |
_2ddc _cLIBROS |
||
| 945 |
_awfj _d2019-03-05 |
||